Frases en ingles - Estadísticas

Estadísticas generales
  • Esta prueba ha sido intentada 411 veces
  • La puntuación promedio es 17 de 21
Estadísticas de respuestas
inglés español % Correcto
Please Por favor
100%
Goodbye Adios
99%
I love you Te amo
96%
Who is it? ¿Quién es?
95%
How are you? ¿Cómo te va?
94%
Do you speak Spanish? ¿Hablas español?
94%
Help! ¡Socorro!
93%
I don't know No sé
92%
Let's go Vamonos
92%
Open the door Abre la puerta
90%
How much does it cost? ¿Cuánto cuesta?
89%
I'm hungry Tengo hambre
89%
We're ready Estamos listos
87%
I don't understand No comprendo
87%
Sorry Perdón
87%
Where did you come from? ¿De dónde vienes?
77%
You're welcome De nada
77%
Agreed De acuerdo
69%
Nice to meet you Gusto conocerte
64%
I like that one Me gusta ese
62%
I'm on the way Voy de camino
15%
No se encontraron pruebas coincidentes
Distribución de puntuación
Porcentaje de gente con cada puntuación
Porcentaje por número respondido
Historial de tus puntuaciones
No has intentado esta prueba.